000 00296nam a22001337a 4500
008 170608b xxu||||| |||| 00| 0 eng d
020 _a0256033919
041 _aeng
080 _26 ED
_a32
100 _a18
101 _aSHP
245 _aCOMPARATIVE POLITICS
_cMACRIDIS.R.C
942 _2udc
_cBK
999 _c16380
_d16380